书目信息 |
| 题名: |
心理学与提问技巧
|
|
| 作者: | 杨宏碧 编著 | |
| 分册: | ||
| 出版信息: | 北京 中国纺织出版社 2017 |
|
| 页数: | 278页 | |
| 开本: | 24cm | |
| 丛书名: | ||
| 单 册: | ||
| 中图分类: | B842.5-49 | |
| 科图分类: | ||
| 主题词: | 提问--心理学--通俗读物 | |
| 电子资源: | ||
| ISBN: | 978-7-5180-3694-3 | |
| 000 | 01094nam0 2200253 450 | |
| 001 | 394 | |
| 005 | 20180520212640.98 | |
| 010 | @a978-7-5180-3694-3@dCNY38.00 | |
| 100 | @a20170905d2017 em y0chiy50 ea | |
| 101 | 0 | @achi |
| 102 | @aCN@b110000 | |
| 105 | @ay z 000yy | |
| 200 | 1 | @a心理学与提问技巧@9xin li xue yu ti wen ji qiao@dPsychology and questioning skills@e如何问出你想要的答案@f杨宏碧编著@zeng |
| 210 | @a北京@c中国纺织出版社@d2017 | |
| 215 | @a278页@d24cm | |
| 314 | @a杨宏碧,女,毕业于鞍山师范学院,本科学历。多年来,一直从事教学工作,教学经验丰富。多次参加国 家级各类课题研究,成果卓著。 | |
| 330 | @a本书分为一切从提问开始;提问专家的修炼册;永远不要停止提问三篇,共19章,内容包括:提问能力——你质疑过世界吗;提问准备——以备不时之需;面试提问——做一个慧眼识才的HR等。 | |
| 510 | 1 | @aPsychology and questioning skills@zeng |
| 517 | 1 | @a如何问出你想要的答案@9ru he wen chu ni xiang yao de da an |
| 606 | 0 | @a提问@x心理学@j通俗读物 |
| 690 | @aB842.5-49@v5 | |
| 701 | 0 | @a杨宏碧@9yang hong bi@4编著 |
| 801 | 0 | @aCN@b91MARC@c20170905 |
| 905 | @aMuseLib@dB842.5@e2077 | |
| 心理学与提问技巧=Psychology and questioning skills:如何问出你想要的答案/杨宏碧编著.-北京:中国纺织出版社,2017 |
| 278页;24cm |
| ISBN 978-7-5180-3694-3:CNY38.00 |
| 本书分为一切从提问开始;提问专家的修炼册;永远不要停止提问三篇,共19章,内容包括:提问能力——你质疑过世界吗;提问准备——以备不时之需;面试提问——做一个慧眼识才的HR等。 |
| ● |
| 相关链接 |
|
|
|
|
正题名:心理学与提问技巧
索取号:B842.5/2077
 
预约/预借
| 序号 | 登录号 | 条形码 | 馆藏地/架位号 | 状态 | 备注 |
| 1 | 1079685 | 210796851 | 第一样本阅览室/ [索取号:B842.5/2077] | 在馆 | |
| 2 | 1079686 | 210796860 | 第一借阅区/ [索取号:B842.5/2077] | 在馆 | |
| 3 | 1079687 | 210796879 | 第一借阅区/ [索取号:B842.5/2077] | 在馆 | |
| 4 | 1079688 | 210796888 | 第一借阅区/ [索取号:B842.5/2077] | 在馆 | |
| 5 | 1079689 | 210796897 | 密集书库-史法系/ [索取号:B842.5/2077] | 在馆 | |
| 6 | 1079690 | 210796904 | 第一借阅区/ [索取号:B842.5/2077] | 在馆 | |
| 7 | 1102296 | 211022962 | 第一借阅区/ [索取号:B842.5/2077] | 在馆 | |
| 8 | 1102297 | 211022971 | 教育系资料室/ [索取号:B842.5/2077] | 在馆 | |
| 9 | 1102298 | 211022980 | 教育系资料室/ [索取号:B842.5/2077] | 在馆 | |
| 10 | 1102299 | 211022999 | 教育系资料室/ [索取号:B842.5/2077] | 在馆 | |
| 11 | 1102300 | 211023006 | 第一借阅区/ [索取号:B842.5/2077] | 在馆 | |
| 12 | 1102301 | 211023015 | 第一借阅区/ [索取号:B842.5/2077] | 在馆 |